Cristianos por el socialismo : historia y documentación /

Guardado en:
Bibliografiske detaljer
Hovedforfatter: Richard, Pablo (autor)
Format: Bog
Sprog:spansk
Udgivet: Salamanca, España : Sígueme, 1976, c1976
Tags: Tilføj Tag
Ingen Tags, Vær først til at tagge denne postø!

MARC

LEADER 00000nam^a2200000^a^4500
001 000456219
005 20250521000000.0
009 20260310124013.209
020 |a 84-301-0414-3 
037 |a Acervo Xavier Clavigero 
041 |a ESP 
091 |a FCA. 06135 
100 |a Richard, Pablo  |e (autor) 
245 1 0 |a Cristianos por el socialismo :  |b historia y documentación / 
264 4 |a Salamanca, España :  |b Sígueme,  |c 1976, c1976 
300 |a 283 p. 
336 |a texto  |b txt  |2 rdacontenido 
337 |a sin mediación  |b n  |2 rdamedio 
338 |a volumen  |b nc  |2 rdasoporte 
649 |a XX 
910 |a Fondo Xavier Cacho Vázquez S.J. 
920 |a Impresos - Libros 
930 |a Fondos Especiales 
905 |a 131 
901 |a 0500373304  |b IT2  |c ESP  |i D  |u 20250521 
902 |a https://opac.biblio.iteso.mx/vufind/Record/000456219